De la planificación a la gestión estratègica de las ciudades / Josep Maria Pascual Esteve
Publicado:
Barcelona :
Diputació de Barcelona : Oficina de la Xarxa Barcelona Municipis de Qualitat ,
2001
Descripción Física:
III, 50 p. ; 30 cm
Colección:
Elements de debat territorial ; 13
MARC
| LEADER | 00000nam a2200000Ia 4500 | ||
|---|---|---|---|
| 001 | 13841 | ||
| 003 | BGR | ||
| 005 | 20260324175332.0 | ||
| 008 | 160829s2001 xx 000 0 cat d | ||
| 080 | |a M-5-267 | ||
| 100 | |a Pascual Esteve, Josep Maria |9 21000 | ||
| 245 | |a De la planificación a la gestión estratègica de las ciudades / Josep Maria Pascual Esteve | ||
| 260 | |a Barcelona : |b Diputació de Barcelona : |b Oficina de la Xarxa Barcelona Municipis de Qualitat, |c 2001 | ||
| 300 | |a III, 50 p. ; |c 30 cm | ||
| 490 | |a Elements de debat territorial ; 13 | ||
| 590 | |a Precedeix el nom de l'autor: Estratègies de Qualitat Urbana. | ||
| 590 | |a Bibliografia | ||
| 650 | |a Urbanisme |9 30914 | ||
| 650 | |a Ciutats |x Planificació |9 27627 | ||
| 710 | 2 | |a Xarxa Barcelona Municipis de Qualitat |9 41491 | |
| 710 | 2 | |a Estratègies de Qualitat Urbana, S.L. |9 70848 | |
| 710 | 1 | |a Barcelona (Catalunya : Província). |b Diputació |9 52408 | |
| 901 | |a Arxiu | ||
| 942 | |n 1 |2 udc |c MON | ||
| 952 | |0 0 |1 0 |4 0 |6 M5267 |7 1 |9 44479 |a Arxiu |b Arxiu |d 2016-12-01 |l 0 |o M-5-267 |p 13841 |r 2016-12-01 00:00:00 |w 2016-12-01 |y ARXIU | ||
| 999 | |c 47060 |d 47060 | ||